000 00529nam a22001817a 4500
003 koha_MIRAKIL
005 20231213100340.0
008 231213b |||||||| |||| 00| 0 ||| d
020 _b978-9-75050781-6
040 _aTR-IsEVY
_btur
_cTR-IsEVY
082 _a500.83 RUB/C
100 _aRubson, Pam.
245 0 _aCoğrafya atölyesi
_bekosistemler, insanlar ve yerler , gıda ve tarımpratik deneyler ve etkinlikler
260 _bİletişim Yayınları,
_c2010
300 _a88 s.
650 _aEkosistem
942 _2ddc
_cBK
999 _c18531
_d18531